| 000 | 00927nam a2200253Ia 4500 | ||
|---|---|---|---|
| 003 | OSt | ||
| 005 | 20260113161626.0 | ||
| 008 | 210716s2017 xx 000 0 und d | ||
| 020 | _a9781787286016 | ||
| 040 | _cAIMIT LIBRARY | ||
| 041 | _aeng | ||
| 082 |
_a621.3991 _bMAUA |
||
| 100 |
_aMauro, Andrea. _9251148 |
||
| 245 |
_aMastering VMware vSphere 6.5: _bleverage the powerof vSphere for effective virtualization administration management and monitoring of data centers / _cBy Andrea Mauro , Paolo Valsecchi and Karel Novak. |
||
| 250 | _a1st ed. | ||
| 260 |
_aMumbai : _bPackt Publishing Ltd , _c2017. |
||
| 300 |
_axi,575 p.; _bPB _c24.5 cm. |
||
| 650 |
_aConfiguring and managing vsphere 6.5 _9251149 |
||
| 650 |
_aAdvanced network management _9251150 |
||
| 650 |
_aAdvanced storage management _9251151 |
||
| 700 |
_aValsecchi, Paolo. _9251152 |
||
| 700 |
_aNovak, Karel. _9251153 |
||
| 942 |
_2ddc _cBK _k621.3991 MAUA |
||
| 999 |
_c196834 _d196834 |
||